圣灵降临的叙事 (Record no. 674)
[ view plain ]
| 000 -LEADER | |
|---|---|
| fixed length control field | 02176nam a2200265Ia 4500 |
| 003 - CONTROL NUMBER IDENTIFIER | |
| control field | OSt |
| 005 - DATE AND TIME OF LATEST TRANSACTION | |
| control field | 20241105154019.0 |
| 008 - FIXED-LENGTH DATA ELEMENTS--GENERAL INFORMATION | |
| fixed length control field | 200731s9999 xx 000 0 und d |
| 020 ## - INTERNATIONAL STANDARD BOOK NUMBER | |
| International Standard Book Number | 7508049276 |
| 020 ## - INTERNATIONAL STANDARD BOOK NUMBER | |
| International Standard Book Number | 9787508049274 |
| 040 ## - CATALOGING SOURCE | |
| Transcribing agency | 0 |
| 041 ## - LANGUAGE CODE | |
| Language code of text/sound track or separate title | chi |
| 050 ## - LIBRARY OF CONGRESS CALL NUMBER | |
| Classification number | BR115.C8 |
| Item number | .L57 2008 |
| 100 ## - MAIN ENTRY--PERSONAL NAME | |
| Personal name | 刘小枫 |
| 245 ## - TITLE STATEMENT | |
| Title | 圣灵降临的叙事 |
| Remainder of title | / |
| Statement of responsibility, etc. | 刘小枫 |
| 246 ## - VARYING FORM OF TITLE | |
| Title proper/short title | 聖靈降臨的敘事: |
| 250 ## - EDITION STATEMENT | |
| Edition statement | rev.ed. |
| 260 ## - PUBLICATION, DISTRIBUTION, ETC. | |
| Place of publication, distribution, etc. | 北京: |
| Name of publisher, distributor, etc. | 夏出版社, |
| Date of publication, distribution, etc. | 2008 |
| 300 ## - PHYSICAL DESCRIPTION | |
| Extent | 2, 3, 290 p. |
| Other physical details | ; |
| Dimensions | 21 cm. |
| 505 ## - FORMATTED CONTENTS NOTE | |
| Formatted contents note | 《圣灵降临的叙事》是著名学者刘小枫关于神学思想的论文集。全书包括四大篇文章:《汉语神学与历史哲学》旨在探讨现代性问题中汉语神学的可能性,尤其尝试重新理解汉语思想界过去对基督教与中国之关系的理解。《圣灵降临的叙事》的主题是论俄国思想家梅烈日柯夫斯基的象征主义。《“浪漫的”福音书中的“我口渴”》和《现代语境中的信仰辩难》篇幅相对较小,也都是关于基督教神学的相关论述。<br/><br/>《圣灵降临的叙事》一书中的这四篇关于基督神学的论文,构成了刘小枫的汉语神学四论。<br/><br/>某种意义上,我们可视《圣灵降临的叙事》为最好的文学评论之一,只不过评论的对象是19世纪末20世纪初俄国的文学家:陀思妥耶夫斯基、梅列日科夫斯基、托尔斯泰……<br/><br/>本书作者刘小枫从思想史的角度,从历史哲学的高度,在小说叙事中领会了譬如梅列日科夫斯基小说体传记中的象征意味,并特别读出了梅列日科夫斯基的象征主义不是单纯的二重世界的形而上学结构,而是有着与众不同的“感觉”,他的象征主义不仅是一种文学主张,更有可能是一种思想主张。作者认为,梅列日科夫斯基是一位富有人文气质的大思想家。由此,作者分析了这样一类现象与现代性批判,与后现代精神的关系。 |
| 650 ## - SUBJECT ADDED ENTRY--TOPICAL TERM | |
| Topical term or geographic name entry element | Christianity and culture China. |
| 650 ## - SUBJECT ADDED ENTRY--TOPICAL TERM | |
| Topical term or geographic name entry element | Christianity Philosophy. |
| 650 ## - SUBJECT ADDED ENTRY--TOPICAL TERM | |
| Topical term or geographic name entry element | Merezhkovsky, Dmitry Sergeyevich, 1865-1941. |
| 942 ## - ADDED ENTRY ELEMENTS (KOHA) | |
| Source of classification or shelving scheme | |
| Koha item type | Chinese Book |
| Withdrawn status | Lost status | Damaged status | Not for loan | Home library | Current library | Shelving location | Date acquired | Total Checkouts | Full call number | Barcode | Date last seen | Price effective from | Koha item type |
|---|---|---|---|---|---|---|---|---|---|---|---|---|---|
| GETS Theological Seminary Library | GETS Theological Seminary Library | General Stacks | 07/12/2020 | BR115.C8 .L57 2008 | 00000628 | 07/12/2020 | 07/12/2020 | Chinese Book |